| 000 | 01411cam a22002054a 4500 | ||
|---|---|---|---|
| 005 | 20250605164054.0 | ||
| 008 | 250528s ||||||||||||||||||||||||d | ||
| 035 | _a17409 | ||
| 020 | _a960431288 | ||
| 040 |
_aGR-AtMCL _bgre _dGR-AtMCL _eAACR2 |
||
| 245 | 1 | _aΜαθήματα Μετεωρολογίας και Κλιματολογίας / Β' 'Εκδοση | |
| 250 | _a2η | ||
| 260 |
_bΖήτη, _c1992 |
||
| 300 | _a468 | ||
| 520 | _aΕισαγωγή, Ατμόσφαιρα, Η Ακτινοβολία στην Ατμόσφαιρα, Θερμοκρασία του Αέρα, Θερμοκρασία Εδάφους, Θερμοκρασία των Υδάτων και των Ωκεανών και Θαλασσών, Ατμοσφαιρική Πίεση, Άνεμοσ, Το Νερό στην Ατμόσφαιρα, Ατμοσφαιρικές Διαταράξεις, Κατάταξη και Περιγραφή των Κλιμάτων της Γης, Το Κλιματικό Πλαίσιο της Ελληνικής Περιοχής, Μετεωρολογικά Όργανα και Μέθοδοι Προσδιορισμού και Αναγωγής Διάφορων Μετεωρολογικών Παρατηρήσεων, Λυμένες Ασκήσεις Μετρεωρολογίας, Βιβλιογραφία. | ||
| 700 | 1 |
_aΦλοκάς Απόστολος _93565 |
|
| 942 | _cBK | ||
| 999 |
_c2830 _d2830 |
||